000 00315nam a22001217a 4500
008 180212b xxu||||| |||| 00| 0 eng d
041 _aeng
080 _a159.9
100 _a49
101 _aPSI
245 _aTraining about alcohol and substance abuse for all primary care physician
_cLewis,D.C
942 _2udc
_cBK
999 _c42274
_d42274